000 00403nam a2200133Ia 4500
008 151001s9999||||xx |||||||||||||| ||und||
100 _aसुमती क्षेत्रमाडे
245 _aबंदिनी
250 _a1
260 _bबांदोडकर पब्लिशिंग कंपनी मुंबई
260 _c1983
300 _a379
365 _b18
999 _c963804
_d963801